[Event "Kobe op"]
[Site "Kobe"]
[Date "2023.07.16"]
[Round "4"]
[White "Song, Sam"]
[Black "Nanjo, Ryosuke"]
[Result "0-1"]
[WhiteElo "2138"]
[BlackElo "2351"]
[PlyCount "80"]
[EventDate "2023.07.14"]
[EventType "swiss"]
[EventRounds "7"]
[EventCountry "JPN"]
[SourceTitle "CBM 215 Extra"]
[Source "ChessBase"]
[SourceDate "2023.09.30"]
[SourceVersion "1"]
[SourceVersionDate "2023.09.30"]
[SourceQuality "1"]

1. e4 e5 2. Nf3 Nc6 3. Bb5 a6 4. Ba4 Nf6 5. d3 d6 6. c3 g6 7. 0-0 Bg7 8. Re1 0-0 9. Nbd2 b5 10. Bb3 Na5 11. Bc2 c5 12. Nf1 Bb7 13. Bg5 h6 14. Bh4 Qd7 15. Qd2 Nh5 16. b4 cxb4 17. cxb4 Nc6 18. Bb3 Nd8 19. Bxd8 Raxd8 20. Ne3 Nf4 21. g3 Qh3 22. gxf4 exf4 23. Rac1 Qxf3 24. Ng2 g5 25. Rc7 Bc8 26. Bd1 Qh3 27. f3 Bd4+ 28. Kh1 Rd7 29. Rc6 Bb7 30. Rc1 Re8 31. Rf1 d5 32. Qc2 Rc8 33. Qd2 Rxc1 34. Qxc1 dxe4 35. dxe4 Be3 36. Nxe3 fxe3 37. Be2 Rd2 38. Qe1 Qh5 39. Rg1 Bxe4 40. Rg3 Bd3 0-1

[Event "North American-ch U20"]
[Site "Kitchener"]
[Date "2015.07.28"]
[Round "4"]
[White "Zhang, Henry"]
[Black "Song, Sam"]
[Result "0-1"]
[WhiteElo "1593"]
[BlackElo "2031"]
[PlyCount "78"]
[EventDate "2015.07.26"]
[EventType "swiss"]
[EventRounds "9"]
[EventCountry "CAN"]
[SourceTitle "EXT 2019"]
[Source "ChessBase"]
[SourceDate "2018.10.10"]
[SourceVersion "1"]
[SourceVersionDate "2018.10.10"]
[SourceQuality "1"]

1. e4 c5 2. Nf3 e6 3. d4 cxd4 4. Nxd4 a6 5. Nc3 Qc7 6. Be3 Nf6 7. a3 b5 8. Bd3 Bb7 9. 0-0 Bc5 10. Qe2 d6 11. h3 0-0 12. Nf3 Nbd7 13. Nh2 Rfe8 14. Ng4 Nxg4 15. Qxg4 Bxe3 16. fxe3 Qb6 17. Qf4 Ne5 18. Ne2 Bc6 19. Ng3 Ra7 20. Kh1 a5 21. Nh5 Qb8 22. Qg5 Ng6 23. Ng3 Qb6 24. Nh5 Qc5 25. Qxc5 dxc5 26. b3 Ne5 27. Ng3 g6 28. Be2 h5 29. h4 a4 30. c4 bxc4 31. bxc4 Rb7 32. Rab1 Reb8 33. Rxb7 Rxb7 34. Rd1 Rb3 35. Rd8+ Kh7 36. Bxh5 gxh5 37. Nxh5 Ng4 38. Rd1 Rxe3 39. Kg1 Bxe4 0-1

[Event "North American-ch U20"]
[Site "Kitchener"]
[Date "2015.07.27"]
[Round "2"]
[White "Song, Sam"]
[Black "Liu, Zhanhe"]
[Result "1-0"]
[WhiteElo "2031"]
[BlackElo "1753"]
[PlyCount "71"]
[EventDate "2015.07.26"]
[EventType "swiss"]
[EventRounds "9"]
[EventCountry "CAN"]
[SourceTitle "EXT 2019"]
[Source "ChessBase"]
[SourceDate "2018.10.10"]
[SourceVersion "1"]
[SourceVersionDate "2018.10.10"]
[SourceQuality "1"]

1. e4 c5 2. Nf3 g6 3. d4 cxd4 4. Nxd4 Nc6 5. Nc3 Bg7 6. Be3 Nf6 7. Bc4 Qa5 8. f3 0-0 9. 0-0 d6 10. Bb3 Bd7 11. Kh1 Rfd8 12. Nd5 Nxd5 13. exd5 Ne5 14. Bg5 Re8 15. Qe2 Ng4 16. fxg4 Bxd4 17. c3 Bg7 18. Qf3 f6 19. Be3 Qc7 20. Bd4 Rf8 21. Rae1 Rae8 22. h3 a5 23. a4 b5 24. Qd1 bxa4 25. Bxa4 e5 26. dxe6 Rxe6 27. Bb3 Rfe8 28. Bxe6+ Bxe6 29. Bxf6 Bxf6 30. Rxf6 Bf7 31. Rxe8+ Bxe8 32. Qxd6 Qxd6 33. Rxd6 Kf7 34. Ra6 a4 35. Ra7+ Kg8 36. Kg1 1-0